| 000 | 00613nam a2200193 i 4500 | ||
|---|---|---|---|
| 001 | 114347 | ||
| 003 | ES-MaACL | ||
| 005 | 20251009172047.0 | ||
| 007 | t| | ||
| 008 | 061121s1971 sp |||| | spa d | ||
| 245 | 0 | 0 |
_aPan y toros y otros papeles sediciosos de finales del siglo XVIII / _crecogidos y presentados por Antonio Elorza. |
| 260 |
_aMadrid : _bAyuso, _c1971. |
||
| 300 |
_a110 p. ; _c19 cm. |
||
| 630 | 0 | 4 |
_aPan y toros. _9163301 |
| 651 | 4 |
_aEspaƱa- _xHistoria- _yS.XVIII- _vFuentes. _9157994 |
|
| 700 | 1 |
_aElorza, Antonio, _d1943- _947089 |
|
| 852 |
_aES-MaACL _jC-41191 |
||
| 999 |
_c114347 _d114347 |
||